[Event "EM/MLP/01 corr"]
[Site "CADAP corr"]
[Date "2002.09.16"]
[Round "?"]
[White "Gandolfo, Hugo"]
[Black "Briao, Paulo Amilcar Goene"]
[Result "1/2-1/2"]
[WhiteElo "2189"]
[BlackElo "2199"]
[PlyCount "39"]
[EventDate "2003.??.??"]
[EventType "tourn (corr)"]
[EventRounds "14"]
[EventCountry "BRA"]
[SourceTitle "Telechess CBM 096"]
[Source "ChessBase"]
[SourceDate "2003.09.25"]
[SourceVersion "1"]
[SourceVersionDate "2003.09.25"]
[SourceQuality "1"]

1. d4 Nf6 2. c4 e5 3. d5 Bc5 4. Nc3 d6 5. e4 0-0 6. h3 Na6 7. Bg5 h6 8. Bh4 Bb4 9. f3 Bd7 10. Bd3 Bc5 11. a3 g5 12. Bf2 c6 13. Qc2 cxd5 14. cxd5 Bxf2+ 15. Qxf2 Nc5 16. Bc2 Qb6 17. b4 a5 18. Rb1 axb4 19. axb4 Na4 20. Bxa4 1/2-1/2

[Event "EM/MLP/01 corr"]
[Site "CADAP corr"]
[Date "2002.09.16"]
[Round "?"]
[White "Gandolfo, Hugo"]
[Black "Dutra Neto, Alfredo Carlos S"]
[Result "0-1"]
[WhiteElo "2189"]
[BlackElo "2308"]
[PlyCount "64"]
[EventDate "2003.??.??"]
[EventType "tourn (corr)"]
[EventRounds "14"]
[EventCountry "BRA"]
[SourceTitle "Telechess CBM 096"]
[Source "ChessBase"]
[SourceDate "2003.09.25"]
[SourceVersion "1"]
[SourceVersionDate "2003.09.25"]
[SourceQuality "1"]

1. d4 Nf6 2. c4 g6 3. Nc3 Bg7 4. e4 d6 5. f3 0-0 6. Bg5 a6 7. Qd2 Nbd7 8. Nge2 c5 9. d5 Ne5 10. Ng3 Ned7 11. Be2 Rb8 12. 0-0 Qa5 13. f4 h6 14. Bh4 b5 15. a3 bxc4 16. Bxc4 Nb6 17. Bd3 Na4 18. Rab1 c4 19. Be2 Qb6+ 20. Kh1 Nxc3 21. bxc3 Qxb1 22. Bxf6 Bxf6 23. Rxb1 Rxb1+ 24. Nf1 Rb3 25. e5 dxe5 26. d6 exd6 27. Qxd6 Be6 28. fxe5 Bg7 29. Qxa6 Rxc3 30. Qa5 Rc2 31. Bf3 c3 32. Kg1 Rc8 0-1

[Event "EM/MLP/01 corr"]
[Site "CADAP corr"]
[Date "2002.09.16"]
[Round "?"]
[White "Gandolfo, Hugo"]
[Black "Vega Palma, Manuel"]
[Result "0-1"]
[WhiteElo "2189"]
[BlackElo "2315"]
[PlyCount "64"]
[EventDate "2003.??.??"]
[EventType "tourn (corr)"]
[EventRounds "14"]
[EventCountry "BRA"]
[SourceTitle "Telechess CBM 096"]
[Source "ChessBase"]
[SourceDate "2003.09.25"]
[SourceVersion "1"]
[SourceVersionDate "2003.09.25"]
[SourceQuality "1"]

1. d4 Nf6 2. c4 c5 3. Nf3 cxd4 4. Nxd4 e5 5. Nb5 d5 6. cxd5 Qa5+ 7. N5c3 b5 8. Qc2 b4 9. Qa4+ Qxa4 10. Nxa4 Bd7 11. b3 Bxa4 12. bxa4 Nxd5 13. e4 Nc7 14. Be3 Nd7 15. Bc4 Bc5 16. Ke2 Rb8 17. Rc1 f6 18. Nd2 Ke7 19. f3 Rhc8 20. Bb3 Ne6 21. Nc4 Bxe3 22. Kxe3 Nd4 23. g3 Rc6 24. Nb2 Rc3+ 25. Nd3 Rxb3 26. axb3 Nxb3 27. Rab1 Nxc1 28. Nxc1 Nc5 29. Nd3 Nxd3 30. Kxd3 a5 31. Rc1 g5 32. Rb1 Rc8 0-1

[Event "EM/MLP/01 corr"]
[Site "CADAP corr"]
[Date "2002.09.16"]
[Round "?"]
[White "Sopko, Cassio Roberto"]
[Black "Gandolfo, Hugo"]
[Result "0-1"]
[WhiteElo "2164"]
[BlackElo "2189"]
[PlyCount "24"]
[EventDate "2003.??.??"]
[EventType "tourn (corr)"]
[EventRounds "14"]
[EventCountry "BRA"]
[SourceTitle "Telechess CBM 096"]
[Source "ChessBase"]
[SourceDate "2003.09.25"]
[SourceVersion "1"]
[SourceVersionDate "2003.09.25"]
[SourceQuality "1"]

1. b4 e5 2. Bb2 Bxb4 3. Bxe5 Nf6 4. Nf3 0-0 5. c3 Ba5 6. d4 d5 7. e3 c6 8. Bd3 Bg4 9. Qc2 h6 10. Nbd2 Nbd7 11. 0-0 Re8 12. Rfb1 b5 0-1

[Event "Liape Magistral 01 email"]
[Site "Liape email"]
[Date "2002.08.17"]
[Round "8"]
[White "Gandolfo, Hugo"]
[Black "Seris Granier Gonzales, Manuel Angel"]
[Result "0-1"]
[WhiteElo "2189"]
[BlackElo "2113"]
[PlyCount "38"]
[EventDate "2002.08.10"]
[EventType "tourn (corr)"]
[EventRounds "9"]
[EventCountry "ARG"]
[SourceTitle "Corr 2006"]
[Source "ChessBase"]
[SourceDate "2006.04.01"]
[SourceVersion "3"]
[SourceVersionDate "2006.04.01"]
[SourceQuality "1"]

1. e4 e5 2. Nf3 Nc6 3. Bb5 a6 4. Ba4 Nf6 5. 0-0 Be7 6. Re1 b5 7. Bb3 0-0 8. d4 d6 9. c3 Bb7 10. Bg5 h6 11. Be3 exd4 12. cxd4 Na5 13. Bc2 Nc4 14. Bc1 Re8 15. b3 Nb6 16. d5 Nfxd5 17. Bb2 Nf4 18. Nc3 Bf6 19. Nd4 b4 0-1

[Event "Liape Magistral 01 email"]
[Site "Liape email"]
[Date "2002.08.15"]
[Round "6"]
[White "Gandolfo, Hugo"]
[Black "Miras Garcia, Eduardo"]
[Result "0-1"]
[WhiteElo "2189"]
[BlackElo "2224"]
[PlyCount "28"]
[EventDate "2002.08.10"]
[EventType "tourn (corr)"]
[EventRounds "9"]
[EventCountry "ARG"]
[SourceTitle "Corr 2006"]
[Source "ChessBase"]
[SourceDate "2006.04.01"]
[SourceVersion "3"]
[SourceVersionDate "2006.04.01"]
[SourceQuality "1"]

1. e4 e5 2. Nf3 Nf6 3. Bb5 Nc6 4. 0-0 Nxe4 5. Re1 Nd6 6. Nxe5 Be7 7. Bd3 0-0 8. Qh5 f5 9. Nc3 Nxe5 10. Rxe5 Bf6 11. Re3 g6 12. Qh6 Bg5 13. Qh3 Bxe3 14. dxe3 Ne4 0-1